[Event "Nutcracker Match of the Generations (Rapid A)"]
[Site "Moscow RUS"]
[Date "2015.12.24"]
[EventDate "2015.12.24"]
[Round "1.3"]
[Result "0-1"]
[White "Mikhail Antipov"]
[Black "Alexander Morozevich"]
[WhiteElo "2569"]
[BlackElo "2692"]
[PlyCount "98"]

1. e4 e6 2. d3 d5 3. Nd2 Nf6 4. g3 a5 5. Ngf3 a4 6. Bg2 a3
7. O-O axb2 8. Bxb2 Be7 9. Qe2 O-O 10. c4 Nbd7 11. e5 Ne8
12. cxd5 exd5 13. e6 Nc5 14. exf7+ Rxf7 15. Rfe1 Bg4 16. h3
Bxf3 17. Nxf3 Bf6 18. Ne5 Re7 19. f4 c6 20. Bd4 Ne6 21. Bf2
Nd6 22. Qg4 Ra4 23. Qd1 Qa5 24. h4 Nf7 25. Nxf7 Kxf7 26. Qh5+
Kf8 27. Qf5 Nd8 28. Rxe7 Kxe7 29. Re1+ Kd6 30. Bh3 Bd4
31. Qd7+ Kc5 32. Rc1+ Kb5 33. Bxd4 Rxd4 34. Qe7 Ka6 35. Qxg7
c5 36. Rb1 Qxa2 37. Re1 Qd2 38. Ra1+ Kb6 39. Qd7 Nc6 40. Qe6
Qxd3 41. Qe1 Rb4 42. Bf1 Qd4+ 43. Kh2 c4 44. Rd1 Qc5 45. Bg2
d4 46. Bxc6 bxc6 47. Qe8 Rb2+ 48. Kh3 Qf5+ 49. g4 Rb3+ 0-1

[Event "Nutcracker Match of the Generations (Rapid A)"]
[Site "Moscow RUS"]
[Date "2015.12.24"]
[EventDate "2015.12.24"]
[Round "3.1"]
[Result "1/2-1/2"]
[White "Evgeny Najer"]
[Black "Mikhail Antipov"]
[WhiteElo "2674"]
[BlackElo "2569"]
[PlyCount "125"]

1. e4 c5 2. Nf3 d6 3. d4 cxd4 4. Nxd4 Nf6 5. Nc3 g6 6. Be3 Bg7
7. f3 O-O 8. Qd2 Nc6 9. O-O-O d5 10. Qe1 e5 11. Nxc6 bxc6
12. exd5 Nxd5 13. Bc4 Be6 14. h4 Qe7 15. Nxd5 cxd5 16. Bxd5
Bxd5 17. Rxd5 Rab8 18. Qd2 e4 19. Bd4 e3 20. Qxe3 Qxe3+
21. Bxe3 Rxb2 22. Bd4 Rxa2 23. Bxg7 Kxg7 24. Kd2 Rc8 25. Rc1
h5 26. Kd3 Rc6 27. g4 Rf6 28. Ke4 hxg4 29. fxg4 a5 30. h5 Rf2
31. hxg6 Kxg6 32. c4 Rg2 33. Ke5 a4 34. c5 Rac2 35. Rxc2 Rxc2
36. Kd6 a3 37. c6 a2 38. Ra5 f6 39. c7 Rd2+ 40. Kc6 Rc2+
41. Kd7 Rd2+ 42. Ke8 Rc2 43. Kd8 Rd2+ 44. Kc8 Rc2 45. Kb7 Rb2+
46. Ka7 Rc2 47. Kb6 Rb2+ 48. Kc6 Rc2+ 49. Kd6 Rd2+ 50. Ke7
Re2+ 51. Kd7 Rd2+ 52. Kc8 Rc2 53. Ra3 Kg5 54. Ra4 Kg6 55. Ra5
Rd2 56. Ra8 Rc2 57. Ra5 Rd2 58. Ra6 Rc2 59. Kd7 Rd2+ 60. Ke7
Re2+ 61. Kd7 Rd2+ 62. Kc8 Rc2 63. Ra5 1/2-1/2

[Event "Nutcracker Match of the Generations (Rapid A)"]
[Site "Moscow RUS"]
[Date "2015.12.24"]
[EventDate "2015.12.24"]
[Round "4.4"]
[Result "1-0"]
[White "Boris Gelfand"]
[Black "Mikhail Antipov"]
[WhiteElo "2731"]
[BlackElo "2569"]
[PlyCount "119"]

1. d4 Nf6 2. c4 e6 3. Nf3 c5 4. e3 cxd4 5. exd4 d5 6. Nc3 Bb4
7. cxd5 Nxd5 8. Bd2 O-O 9. Bd3 Nc6 10. O-O Be7 11. Qe2 Bf6
12. Rad1 b6 13. Qe4 g6 14. Nxd5 exd5 15. Qf4 Bg7 16. Rc1 Bb7
17. Rfe1 Rc8 18. Bc3 Qf6 19. Qg4 Qd6 20. h4 Rce8 21. h5 Bc8
22. Qg5 Bf6 23. Qd2 Bg4 24. hxg6 hxg6 25. Nh2 Bd7 26. Bb5 Kg7
27. Bxc6 Rh8 28. Nf3 Bxc6 29. Bb4 Qd7 30. Rxe8 Qxe8 31. Qf4
Bd7 32. Re1 Qd8 33. Bd6 Rh5 34. Be5 Rf5 35. Qg3 Be6 36. Ng5
Bxe5 37. Rxe5 Qc7 38. Rxf5 Qc1+ 39. Kh2 Bxf5 40. Qe5+ Kf8
41. Nh7+ Kg8 42. Nf6+ Kf8 43. f4 Be6 44. Qb8+ Kg7 45. Ne8+ Kf8
46. Nf6+ Kg7 47. Qe5 Kf8 48. b3 Qd2 49. Nh7+ Kg8 50. Ng5 Qf2
51. Nxe6 fxe6 52. Qxe6+ Kg7 53. Qe5+ Kh7 54. a4 Qh4+ 55. Kg1
Qg3 56. b4 Qa3 57. Qe7+ Kg8 58. Qe6+ Kg7 59. Qd7+ Kh8 60. Qh3+
1-0

[Event "Nutcracker Match of the Generations (Rapid A)"]
[Site "Moscow RUS"]
[Date "2015.12.25"]
[EventDate "2015.12.24"]
[Round "5.4"]
[Result "1/2-1/2"]
[White "Mikhail Antipov"]
[Black "Boris Gelfand"]
[WhiteElo "2569"]
[BlackElo "2731"]
[PlyCount "153"]

1. e4 c5 2. Nf3 d6 3. d4 cxd4 4. Nxd4 Nf6 5. Nc3 a6 6. Be3 Ng4
7. Bc1 Nf6 8. h3 e5 9. Nb3 Be6 10. f4 g6 11. fxe5 Nh5 12. Be3
Nc6 13. Qd2 dxe5 14. Nd5 Ng3 15. Bg5 Nxe4 16. Bxd8 Nxd2
17. Nc7+ Kxd8 18. Nxe6+ fxe6 19. Nxd2 Bh6 20. c3 Bxd2+
21. Kxd2 Rf8 22. Re1 Kc7 23. Bc4 Rad8+ 24. Kc1 Rf2 25. Re2
Rxe2 26. Bxe2 Rf8 27. Kd2 Ne7 28. Bf3 Nd5 29. Re1 Kd6 30. c4
Nf4 31. Kc3 b6 32. b4 Nxh3 33. c5+ bxc5 34. bxc5+ Kxc5
35. Rxe5+ Kd6 36. Ra5 Nf4 37. Kd4 Ke7 38. Rxa6 Rd8+ 39. Ke4
Nd3 40. Ra7+ Kf6 41. Rxh7 Nc5+ 42. Kf4 e5+ 43. Kg3 Rd3 44. Kh4
e4 45. Bg4 Rd2 46. Rc7 Nd3 47. Rc6+ Ke5 48. g3 Rxa2 49. Rxg6
Rh2+ 50. Kg5 Rg2 51. Re6+ Kd5 52. Bf5 Nc5 53. Re8 Rxg3+
54. Kf4 Rf3+ 55. Kg4 Rf1 56. Bh7 Kd4 57. Bxe4 Nxe4 58. Rd8+
Ke3 59. Ra8 Rf4+ 60. Kh5 Rf6 61. Kg4 Rg6+ 62. Kf5 Rg5+ 63. Ke6
Kf4 64. Rf8+ Ke3 65. Ra8 Rb5 66. Ra1 Nc3 67. Ra3 Kd4 68. Ra8
Re5+ 69. Kf7 Nd5 70. Ra4+ Kc5 71. Ra6 Rf5+ 72. Kg6 Rf1 73. Ra8
Kd6 74. Rd8+ Ke6 75. Re8+ Ne7+ 76. Kg5 Kd7 77. Ra8 1/2-1/2

[Event "Nutcracker Match of the Generations (Rapid A)"]
[Site "Moscow RUS"]
[Date "2015.12.25"]
[EventDate "2015.12.24"]
[Round "6.1"]
[Result "1-0"]
[White "Mikhail Antipov"]
[Black "Evgeny Najer"]
[WhiteElo "2569"]
[BlackElo "2674"]
[PlyCount "119"]

1. e4 c5 2. Nf3 d6 3. Bb5+ Nd7 4. O-O a6 5. Bxd7+ Bxd7 6. d4
cxd4 7. Qxd4 Rc8 8. Nc3 e5 9. Qa7 Bc6 10. Rd1 Qc7 11. Be3 Nf6
12. Bb6 Qe7 13. Nd5 Bxd5 14. exd5 Qd7 15. c4 Be7 16. b3 O-O
17. Ba5 b5 18. Qxd7 Nxd7 19. cxb5 axb5 20. Rac1 Rxc1 21. Rxc1
Nf6 22. Rc7 Bd8 23. Ra7 Nxd5 24. Bxd8 Rxd8 25. Ng5 Rf8 26. Ne4
Nf6 27. Nxd6 b4 28. Nc4 e4 29. Ne3 h5 30. h4 Rc8 31. Kh2 Rc1
32. Kg3 Ra1 33. Nc2 Rc1 34. Nxb4 Ng4 35. Nd5 Rd1 36. Nf4 g6
37. Re7 Rd2 38. f3 exf3 39. gxf3 Nh6 40. Re2 Nf5+ 41. Kf2 Rd4
42. Ng2 Kf8 43. Rb2 Ke7 44. b4 Kd7 45. a4 Kc7 46. a5 Nxh4
47. Ne3 f5 48. b5 f4 49. Rc2+ Kb8 50. Nc4 Rd3 51. Ne5 Re3
52. Nd7+ Ka8 53. a6 Rxf3+ 54. Kg1 Rg3+ 55. Kf1 Rf3+ 56. Ke2
Re3+ 57. Kd2 Nf3+ 58. Kc1 Re1+ 59. Kb2 Ne5 60. Rc8+ 1-0

[Event "Nutcracker Match of the Generations (Rapid A)"]
[Site "Moscow RUS"]
[Date "2015.12.25"]
[EventDate "2015.12.24"]
[Round "7.2"]
[Result "0-1"]
[White "Peter Leko"]
[Black "Mikhail Antipov"]
[WhiteElo "2705"]
[BlackElo "2569"]
[PlyCount "102"]

1. Nf3 Nf6 2. c4 e6 3. g3 b6 4. d4 Bb4+ 5. Bd2 Bxd2+ 6. Qxd2
Bb7 7. Bg2 O-O 8. Nc3 d6 9. d5 e5 10. O-O Nbd7 11. b4 a5
12. a3 Qe7 13. e4 c6 14. dxc6 Bxc6 15. Qd3 Rfc8 16. Bh3 Ne8
17. Rfd1 Rc7 18. Nh4 g6 19. Ng2 Ndf6 20. Ne3 axb4 21. axb4
Rca7 22. Rac1 Ra3 23. Bg2 Qa7 24. Nc2 Rb3 25. Ra1 Qb8 26. Rxa8
Bxa8 27. Ra1 Nc7 28. Qd2 Ne6 29. Nd5 Bxd5 30. exd5 Nf8 31. Ne3
Qc7 32. Bf3 Kg7 33. Bd1 Rxe3 34. Qxe3 Qxc4 35. Qxb6 N8d7
36. Qxd6 Qd4 37. Qa6 Ne4 38. Qa7 Nb6 39. Qa2 Nxf2 40. Qxf2
Qxa1 41. Qxb6 Qxd1+ 42. Kf2 Qd2+ 43. Kg1 e4 44. Qf2 e3 45. Qf4
h5 46. d6 Qd1+ 47. Kg2 e2 48. Qe5+ Kh7 49. Qf6 Kg8 50. d7 Qxd7
51. Kf2 Qd2 0-1

[Event "Nutcracker Match of the Generations (Rapid A)"]
[Site "Moscow RUS"]
[Date "2015.12.25"]
[EventDate "2015.12.24"]
[Round "8.3"]
[Result "1-0"]
[White "Alexander Morozevich"]
[Black "Mikhail Antipov"]
[WhiteElo "2692"]
[BlackElo "2569"]
[PlyCount "71"]

1. g3 Nf6 2. Bg2 g6 3. c4 c6 4. b3 Bg7 5. Bb2 O-O 6. Nf3 d5
7. O-O a5 8. cxd5 Nxd5 9. Bxg7 Kxg7 10. d4 Na6 11. e4 Ndc7
12. h3 Be6 13. Nc3 Qd7 14. Kh2 Rad8 15. Qd2 Qd6 16. Ne2 Qb4
17. Qb2 f6 18. Rfc1 a4 19. a3 Qxb3 20. Qd2 Qb6 21. Rab1 Bb3
22. Nc3 Qa5 23. Qe3 e5 24. h4 Rd6 25. h5 Ne6 26. dxe5 fxe5
27. Nxa4 Bxa4 28. Rxb7+ Nac7 29. Ra7 Qb5 30. Qc3 Rxf3 31. Qxf3
Qb3 32. h6+ Kxh6 33. Qf6 Rd7 34. Rh1 Ng7 35. Kg1+ Nh5
36. Rxh5+ 1-0

[Event "Tata Steel (Group B)"]
[Site "Wijk aan Zee NED"]
[Date "2016.01.23"]
[EventDate "2016.01.15"]
[Round "7"]
[Result "1-0"]
[White "Eltaj Safarli"]
[Black "Mikhail Antipov"]
[WhiteElo "2653"]
[BlackElo "2567"]
[PlyCount "43"]

1. d4 e6 2. e4 d5 3. Nc3 Nf6 4. Bg5 Bb4 5. exd5 exd5 6. Qf3
Qe7+ 7. Nge2 Bxc3+ 8. Qxc3 Nc6 9. f3 h6 10. Bd2 a5 11. O-O-O
Nb4 12. Qb3 c5 13. dxc5 O-O 14. a3 Na6 15. Qe3 Be6 16. Bxa5
Rfc8 17. Nd4 Rxc5 18. Bc3 Rac8 19. Bxa6 Rxc3 20. Bd3 R3c5
21. Rhe1 Qc7 22. Qe5 1-0

[Event "Tata Steel (Group B)"]
[Site "Wijk aan Zee NED"]
[Date "2016.01.24"]
[EventDate "2016.01.15"]
[Round "8"]
[Result "1/2-1/2"]
[White "Mikhail Antipov"]
[Black "Liviu Dieter Nisipeanu"]
[WhiteElo "2567"]
[BlackElo "2679"]
[PlyCount "113"]

1. e4 c6 2. d4 d5 3. e5 Bf5 4. Nd2 e6 5. Nb3 Nd7 6. Nf3 c5
7. dxc5 Bxc5 8. Nxc5 Nxc5 9. Be2 Ne7 10. Nd4 a6 11. Bf4 Qb6
12. Rb1 Rc8 13. O-O O-O 14. Bg5 Qc7 15. Bxe7 Qxe7 16. Nxf5
exf5 17. Qd4 Rfe8 18. f4 Ne6 19. Qe3 d4 20. Qf3 g6 21. Bd3 Nc5
22. h3 Qe6 23. a3 Qc6 24. Qxc6 Rxc6 25. Rfd1 Nxd3 26. Rxd3
Rxc2 27. Rxd4 Rec8 28. Rd7 Re2 29. Kh1 Rcc2 30. Rg1 Rxb2
31. Rc1 Rxg2 32. e6 Rge2 33. exf7+ Kg7 34. f8=Q+ Kxf8 35. Rxh7
Rh2+ 36. Kg1 Rbg2+ 37. Kf1 Rc2 38. Rxc2 Rxc2 39. Rxb7 Rc3
40. Rb6 Kg7 41. Rxa6 Rf3+ 42. Kg2 Rxf4 43. Ra8 Rc4 44. Kg3 Kf6
45. h4 Rc3+ 46. Kg2 Rc4 47. Kg3 Rg4+ 48. Kh3 Ke5 49. Ra6 Kf4
50. Rb6 Rg3+ 51. Kh2 Rxa3 52. Rxg6 Ra2+ 53. Rg2 Rxg2+ 54. Kxg2
Kg4 55. h5 Kxh5 56. Kg3 f4+ 57. Kxf4 1/2-1/2

[Event "Tata Steel (Group B)"]
[Site "Wijk aan Zee NED"]
[Date "2016.01.26"]
[EventDate "2016.01.15"]
[Round "9"]
[Result "0-1"]
[White "Nino Batsiashvili"]
[Black "Mikhail Antipov"]
[WhiteElo "2485"]
[BlackElo "2567"]
[PlyCount "138"]

1. d4 Nf6 2. c4 e6 3. Nc3 Bb4 4. Qc2 O-O 5. Nf3 d6 6. Bd2 Nbd7
7. a3 Bxc3 8. Bxc3 b6 9. e4 Bb7 10. Bd3 c5 11. e5 cxd4
12. exf6 dxc3 13. fxg7 Kxg7 14. Qxc3+ Qf6 15. Qxf6+ Kxf6
16. Ke2 Rg8 17. Rhg1 Ne5 18. Nxe5 dxe5 19. f3 h5 20. Rac1 Rad8
21. Rc3 Rd4 22. Kf2 Rgd8 23. Ke3 Ke7 24. b4 f5 25. Rgc1 h4
26. h3 Bc6 27. Be2 Kf6 28. Kf2 e4 29. c5 bxc5 30. bxc5 Rg8
31. fxe4 Bxe4 32. c6 Rxg2+ 33. Kf1 Rd2 34. c7 Bb7 35. c8=Q
Bxc8 36. Kxg2 Rxe2+ 37. Kf3 Ba6 38. R1c2 Re4 39. Rc7 Ra4
40. R2c3 Bb5 41. Rb7 a6 42. Rb6 Rd4 43. Ke3 Re4+ 44. Kf3 Kg5
45. Rc1 Rf4+ 46. Kg2 Bc4 47. Rc3 a5 48. Rb8 Bd5+ 49. Kg1 Rd4
50. Rg8+ Kf6 51. Rh8 a4 52. Kf2 Bb3 53. Re3 Bd5 54. Rc3 e5
55. Rf8+ Kg5 56. Rc5 Kf4 57. Rh8 e4 58. Rxh4+ Ke5 59. Rh8 Rd2+
60. Ke1 e3 61. Ra5 Ke4 62. Rxa4+ Kf3 63. Rhh4 Re2+ 64. Kf1
Rf2+ 65. Ke1 Kg3 66. Rhd4 Bf3 67. Ra7 Re2+ 68. Kf1 Ra2
69. Rg7+ Kh2 0-1

[Event "Tata Steel (Group B)"]
[Site "Wijk aan Zee NED"]
[Date "2016.01.29"]
[EventDate "2016.01.15"]
[Round "11"]
[Result "1/2-1/2"]
[White "Nijat Abasov"]
[Black "Mikhail Antipov"]
[WhiteElo "2556"]
[BlackElo "2567"]
[PlyCount "94"]

1. d4 Nf6 2. Nf3 e6 3. g3 c5 4. Bg2 Nc6 5. O-O cxd4 6. Nxd4
Bc5 7. Nb3 Be7 8. c4 h5 9. Bg5 Ng4 10. Bxe7 Qxe7 11. h3 Nge5
12. Na3 O-O 13. Rc1 Rd8 14. e3 h4 15. f4 Ng6 16. g4 d5
17. cxd5 Nb4 18. Nb5 Nxd5 19. Qe1 Bd7 20. Nc7 Nxc7 21. Rxc7
Qd6 22. Rc3 Rac8 23. Rf2 Rxc3 24. Qxc3 Bc6 25. Bxc6 bxc6
26. Rd2 Qc7 27. Rxd8+ Qxd8 28. Qxc6 Ne7 29. Qc2 Nd5 30. Kf2 g5
31. Qd2 Qc7 32. Kf3 Qc4 33. Qe2 Qc7 34. Qd2 gxf4 35. exf4 Qc4
36. f5 Kh7 37. fxe6 fxe6 38. Nd4 Qf1+ 39. Ke4 Qf6 40. g5 Qf7
41. Ke5 Ne7 42. b3 Ng6+ 43. Ke4 Qf1 44. Qe2 Qh1+ 45. Qf3 Qb1+
46. Ke3 Qg1+ 47. Ke4 Qb1+ 1/2-1/2

[Event "Tata Steel (Group B)"]
[Site "Wijk aan Zee NED"]
[Date "2016.01.30"]
[EventDate "2016.01.15"]
[Round "12"]
[Result "1-0"]
[White "Mikhail Antipov"]
[Black "Miguoel Admiraal"]
[WhiteElo "2567"]
[BlackElo "2441"]
[PlyCount "71"]

1. e4 c5 2. Nf3 e6 3. b3 a6 4. Bb2 Nc6 5. c4 Qc7 6. h3 d6
7. d4 cxd4 8. Nxd4 Nf6 9. Nc3 Be7 10. Be2 O-O 11. O-O Nxd4
12. Qxd4 Bd7 13. Rac1 Rac8 14. Rfd1 Rfd8 15. b4 Qb8 16. a3 Bc6
17. a4 a5 18. b5 Be8 19. g4 Bf8 20. Ba3 h6 21. h4 Be7 22. f4
Nh7 23. Qf2 Nf8 24. g5 hxg5 25. hxg5 Ng6 26. Qe3 d5 27. Bxe7
d4 28. Rxd4 Rxd4 29. Qxd4 Qxf4 30. Ba3 Qg3+ 31. Kf1 Nf4
32. Bd6 Qxg5 33. Qe3 e5 34. Nd5 Qh6 35. Nxf4 Qxd6 36. Nd5 1-0

[Event "Tata Steel (Group B)"]
[Site "Wijk aan Zee NED"]
[Date "2016.01.31"]
[EventDate "2016.01.15"]
[Round "13"]
[Result "1/2-1/2"]
[White "Benjamin Bok"]
[Black "Mikhail Antipov"]
[WhiteElo "2607"]
[BlackElo "2567"]
[PlyCount "88"]

1. d4 Nf6 2. c4 e6 3. Nf3 Bb4+ 4. Nbd2 O-O 5. a3 Be7 6. e4 d6
7. Be2 a5 8. Qc2 Nc6 9. b3 Nd7 10. O-O Bf6 11. Bb2 Re8
12. Rfe1 e5 13. d5 Nd4 14. Nxd4 exd4 15. Nf3 Nc5 16. Bd3 a4
17. b4 Nb3 18. Rab1 c5 19. bxc5 Bg4 20. Nd2 Nxc5 21. h3 Bd7
22. Nf3 Nb3 23. Nd2 Nc5 24. f4 b5 25. Nf3 Rc8 26. e5 Nxd3
27. Qxd3 bxc4 28. Qxd4 Be7 29. Kh1 Bf8 30. Bc3 Qc7 31. exd6
Rxe1+ 32. Rxe1 Qxd6 33. Ne5 f6 34. Nxd7 Qxd7 35. Bb4 Bxb4
36. axb4 c3 37. Rc1 a3 38. Rxc3 Rxc3 39. Qxc3 a2 40. d6 Qa7
41. Qa1 Kf7 42. b5 Qa4 43. b6 Qb3 44. d7 Qb1+ 1/2-1/2